000
00283nam a22001217a 4500
008
230726b |||||||| |||| 00| 0 eng d
100
_a
Fowler, H. W, Fowler F. G.
245
_a
The Oxford Dictionary
260
_a
1959
300
_a
1552p
440
_a
Dicionario
942
_2
udc
_c
BK
999
_c
50012
_d
50011